header

Leadership and power (Record no. 157775)

MARC details
000 -LEADER
fixed length control field 01211nam a2200289Ia 4500
245 00 - TITLE STATEMENT
Title Leadership and power
260 ## - PUBLICATION, DISTRIBUTION, ETC. (IMPRINT)
Place of publication London ;
-- Thousand Oaks, Calif. :
Name of publisher SAGE,
Year of publication 2003.
300 ## - PHYSICAL DESCRIPTION
Number of Pages xiii, 263 p. :
Other physical details ill.
650 #0 - SUBJECT ADDED ENTRY--TOPICAL TERM
Topical Term Leadership.
Topical Term Power (Social sciences)
700 1# - ADDED ENTRY--PERSONAL NAME
Personal name Knippenberg, Daan van.
Personal name Hogg, Michael A.,
856 40 - ELECTRONIC LOCATION AND ACCESS
Uniform Resource Identifier http://site.ebrary.com/lib/rucke/Doc?id=10080864

No items available.

© 2026 Rongo University
Contact us: librarian | system librarian | Rongo university